000 01051nam a2200277Ia 4500
001 ebr10463848
003 CaPaEBR
006 m u
007 cr cn|||||||||
008 041012s1999 enk sb 001 0 eng d
020 _z9780953710508
040 _aCaPaEBR
_cCaPaEBR
035 _a(OCoLC)726747166
050 1 4 _aRC512
_b.P79 1999eb
245 0 0 _aPsychosis (madness)
_h[electronic resource] /
_cedited by Paul Williams.
260 _aLondon :
_bInstitute of Psycho-Analysis,
_c1999.
300 _a95 p.
504 _aIncludes bibliographical references and index.
533 _aElectronic reproduction.
_bPalo Alto, Calif. :
_cebrary,
_d2011.
_nAvailable via World Wide Web.
_nAccess may be limited to ebrary affiliated libraries.
650 0 _aPsychoses.
650 0 _aPsychology, Pathological.
655 7 _aElectronic books.
_2local
700 1 _aWilliams, Paul.
710 2 _aebrary, Inc.
856 4 0 _uhttp://site.ebrary.com/lib/rucke/Doc?id=10463848
_zAn electronic book accessible through the World Wide Web; click to view
999 _c129186
_d129186